|
|
|
|
| LEADER |
00000cam a2200000 i 4500 |
| 001 |
1/45389 |
| 008 |
070604s1998 gr | ||| |||| ||gre|| |
| 020 |
|
|
|a 9607122860
|
| 035 |
|
|
|l 10088106
|
| 040 |
|
|
|a GR-MyUA
|b gre
|e AACR2
|
| 041 |
1 |
|
|a gre
|h fre
|
| 082 |
0 |
|
|a 780.904
|2 (22)
|
| 100 |
1 |
|
|a Chion, Michel,
|d 1947-
|
| 245 |
1 |
2 |
|a Η μουσική :
|b μια ανάπτυξη για κατανόηση : μια μελέτη για στοχασμό /
|c Michel Chion ; μετάφραση Χρύσα Κανελλάκη.
|
| 260 |
|
|
|a Αθήνα :
|b Τραυλός,
|c 1998.
|
| 300 |
|
|
|a 128 σ. :
|b εικ. ;
|c 18 εκ.
|
| 490 |
1 |
|
|a (Dominos
|v ; 26)
|
| 500 |
|
|
|a Μετάφραση από τα γαλλικά
|
| 500 |
|
|
|a Τίτλος πρωτοτύπου: Musiques.
|
| 504 |
|
|
|a Περιέχει βιβλιογραφία (σ. 126), γλωσσάριο και ευρετήριο.
|
| 650 |
0 |
0 |
|a Music
|x History and criticism.
|
| 650 |
0 |
0 |
|a Music
|y 20th century
|x History and criticism.
|
| 650 |
0 |
0 |
|a Music and technology
|x Social aspects.
|
| 650 |
0 |
0 |
|a Mass media and music
|x Social aspects.
|
| 700 |
1 |
|
|a Κανελλάκη, Χρύσα,
|e trlf
|
| 830 |
|
0 |
|a Dominos ;
|v 26
|
| 852 |
|
|
|a INST
|b LESVOS
|e 20070604
|h 780.904 CHI
|p 005100038137
|q 005100038137
|t BK
|y 0
|
| 901 |
|
|
|a BIBL1-2007-2
|
| 909 |
|
|
|a Λ
|b 135105
|
| 922 |
|
|
|a 1ΕΛΗ
|b 200705
|c ΕΠΕΑΕΚ2/ΤΚΑ
|d Σ. ΠΑΤΑΚΗΣ
|
| 970 |
|
|
|a ΚΑΡΑ
|b ΓΙΑΣΕΜΗ
|z 2007/06/04
|